Brighton & Hove Albion 2020's Starting XI - Statistics

General Stats
  • This quiz has been taken 2,571 times
    864 since last reset
  • The average score is 20 of 33
Answer Stats
Player % Correct
Kaoru Mitoma
94%
Moisés Caicedo
90%
Robert Sánchez
90%
Bart Verbruggen
89%
Pascal Groß
89%
Pervis Estupiñán
87%
Lewis Dunk
84%
Danny Welbeck
83%
Alexis Mac Allister
80%
Mathew Ryan
79%
João Pedro
73%
Joël Veltman
72%
Leandro Trossard
72%
Jan Paul van Hecke
71%
Marc Cucurella
71%
Carlos Baleba
70%
Yankuba Minteh
68%
Neal Maupay
66%
Yves Bissouma
62%
Billy Gilmour
57%
Adam Webster
47%
Simon Adingra
47%
Yasin Ayari
47%
Aaron Mooy
46%
Solly March
46%
Jakub Moder
45%
Facundo Buonanotte
44%
Ben White
39%
Dan Burn
35%
Jack Hinshelwood
35%
Davy Pröpper
23%
Martín Montoya
22%
Dale Stephens
11%
No matching quizzes found
Score Distribution
Percent of People with Each Score
Percentile by Number Answered
Your Score History
You have not taken this quiz since the last reset